Aplikácia probitovej regresie pri analýze konzumácie značky

Aplikácia probitovej regresie a je logická interpretovateľnosť.

Saved in:
Bibliographic Details
Main Author: Coss, Soňa
Format: Book Chapter
Language:Slovak
Subjects:
Tags: Add Tag
No Tags, Be the first to tag this record!

MARC

LEADER 00000nla a2200000 4500
001 0226221
005 20240502073721.6
041 0 |a slo 
044 |a SK 
245 1 0 |a Aplikácia probitovej regresie pri analýze konzumácie značky  |c Soňa Coss 
520 |a Aplikácia probitovej regresie a je logická interpretovateľnosť. 
610 2 0 |a metódy štatistické 
610 2 0 |a marketing 
610 2 0 |a modely lineárne 
610 2 0 |a analýza regresná 
100 1 |a Coss, Soňa